|
|
|
|
| LEADER |
00927pam a22002658a 4500 |
| 001 |
00046418 |
| 008 |
210120s2020####-vm#################vie|d |
| 005 |
20210219080253.0 |
| 020 |
# |
# |
|a 9786048508715
|c 0
|
| 041 |
0 |
# |
|a vie
|
| 082 |
0 |
4 |
|a 613.7
|b R203L
|
| 100 |
# |
# |
|e Chủ biên
|a Hoàng, Công Dân
|
| 245 |
1 |
0 |
|a Rèn luyện thể chất cho thanh thiếu nhi
|c Hoàng Công Dân (ch.b.)
|
| 260 |
# |
# |
|a Hà Nội
|b Thể thao và Du lịch
|c 2020
|
| 300 |
# |
# |
|a 366tr.
|c 21cm
|
| 653 |
# |
# |
|a Rèn luyện
|
| 653 |
# |
# |
|a Việt Nam
|
| 653 |
# |
# |
|a Thể chất
|
| 653 |
# |
# |
|a Thanh thiếu nhi
|
| 655 |
# |
7 |
|2 Bộ TK TVQG
|a Văn bản pháp luật
|
| 852 |
# |
# |
|j KM.0035127
|j KD.0027804
|
| 920 |
|
|
|a Việt Nam (CHXHCN). Luật lệ và sắc lệnh
|
| 930 |
|
|
|a 469005
|b 02/10/2020
|
| 941 |
|
|
|a TW
|b XH
|
| 980 |
# |
# |
|a Trung tâm Học liệu Lê Vũ Hùng, Trường Đại học Đồng Tháp
|